[Event "VI Floripa Open 2020"]
[Site "Florianopolis"]
[Date "2020.01.20"]
[Round "1.40"]
[White "Cardoso, Marcio De Lucca"]
[Black "Cordeiro, Marco Aurelio Zaror"]
[Result "0-1"]
[WhiteElo "1896"]
[BlackElo "2217"]
[Annotator "ChessBase"]
[PlyCount "86"]
[EventDate "2020.01.20"]
[EventType "swiss"]
[EventRounds "10"]
[EventCountry "BRA"]
[SourceTitle "playchess.com"]
[Source "ChessBase"]
[SourceQuality "1"]
[TimeControl "5400+30"]

1. d4 Nf6 2. Nf3 g6 3. Bf4 Bg7 4. e3 d6 5. Be2 c5 6. c3 b6 7. h3 O-O 8. O-O Bb7 9. Nbd2 Nbd7 10. Rc1 Re8 11. Bh2 Qc7 12. Bd3 e5 13. e4 exd4 14. cxd4 Nxe4 15. Bxe4 Bxe4 16. dxc5 Nxc5 17. Nxe4 Rxe4 18. Bxd6 Qc6 19. Rc2 Rae8 20. a3 h6 21. Bxc5 bxc5 22. b4 Qa4 23. bxc5 Qxa3 24. c6 Qe7 25. Qd5 Qc7 26. g3 Rb4 27. Rd1 Re7 28. Qd8+ Bf8 29. Rd7 Rxd7 30. Qxd7 Bd6 31. Re2 Rb8 32. Nd4 a6 33. Qxc7 Bxc7 34. Kg2 Kf8 35. Kf3 a5 36. Ke4 Ke7 37. Kd5+ Kd8 38. Ra2 g5 39. g4 Rb1 40. Ra3 Bb6 41. f4 Rd1 42. Ra4 Kc7 43. Ke4 Rxd4+ 0-1

[Event "VI Floripa Open 2020"]
[Site "Florianopolis"]
[Date "2020.01.20"]
[Round "1.41"]
[White "De Lima, Alexsandro Barros"]
[Black "Mesquita, Guilherme"]
[Result "0-1"]
[WhiteElo "2205"]
[BlackElo "1895"]
[Annotator "ChessBase"]
[PlyCount "100"]
[EventDate "2020.01.20"]
[EventType "swiss"]
[EventRounds "10"]
[EventCountry "BRA"]
[SourceTitle "playchess.com"]
[Source "ChessBase"]
[SourceQuality "1"]
[TimeControl "5400+30"]

1. e4 c5 2. Nf3 d6 3. d4 cxd4 4. Nxd4 Nf6 5. Nc3 a6 6. g3 Nc6 7. Bg2 e5 8. Nde2 Be7 9. Bg5 O-O 10. Bxf6 Bxf6 11. Nd5 Be7 12. O-O Be6 13. Qd2 Bxd5 14. Qxd5 Qb6 15. Rab1 Rac8 16. Qd2 Rfd8 17. Bh3 Rb8 18. Nc3 Nd4 19. Kg2 Qa5 20. Qd3 Bf8 21. a3 Qc5 22. Rfc1 g6 23. b4 Qc6 24. Nd5 Ne6 25. Rb3 Qb5 26. Qe3 Rbc8 27. a4 Qxa4 28. Nb6 Qc6 29. Nxc8 Rxc8 30. Bxe6 fxe6 31. Rd3 Qc4 32. c3 Bh6 33. f4 exf4 34. Qf3 fxg3 35. Re1 Rf8 36. Qxg3 Bf4 37. Qh3 g5 38. Rd4 Qa2+ 39. Kh1 Be5 40. Rd3 Rf2 41. Rg3 Bxg3 42. Qxg3 Qd2 43. Rg1 Kf7 44. Qh3 Ke7 45. Qg3 h6 46. h4 Kf6 47. hxg5+ hxg5 48. Qh3 g4 49. Qh4+ Kf7 50. Qh7+ Ke8 0-1

[Event "VI Floripa Open 2020"]
[Site "Florianopolis"]
[Date "2020.01.20"]
[Round "1.42"]
[White "Vieira, Jose Renato Braga S."]
[Black "Caetano, Ryan Wesley Da Costa"]
[Result "0-1"]
[WhiteElo "1891"]
[BlackElo "2202"]
[Annotator "ChessBase"]
[PlyCount "45"]
[EventDate "2020.01.20"]
[EventType "swiss"]
[EventRounds "10"]
[EventCountry "BRA"]
[SourceTitle "playchess.com"]
[Source "ChessBase"]
[SourceQuality "1"]
[TimeControl "5400+30"]

1. d4 Nf6 2. c4 g6 3. Nc3 d5 4. Nf3 Bg7 5. Qb3 dxc4 6. Qxc4 O-O 7. e4 a6 8. a4 b5 9. Qb3 bxa4 10. Rxa4 Bd7 11. Ra1 Nc6 12. Be3 Ng4 13. Rxa6 Rb8 14. Bb5 e5 15. d5 Nd4 16. Bxd4 exd4 17. Qa4 dxc3 18. Bxd7 cxb2 19. Ke2 b1=Q 20. Rxb1 Rxb1 21. Bxg4 Qb8 22. Rc6 Rb4 23. Qd1 0-1

[Event "VI Floripa Open 2020"]
[Site "Florianopolis"]
[Date "2020.01.20"]
[Round "1.43"]
[White "Frois, Vitor Amorim"]
[Black "Ribeiro, Regina"]
[Result "0-1"]
[WhiteElo "2200"]
[BlackElo "1890"]
[Annotator "ChessBase"]
[PlyCount "111"]
[EventDate "2020.01.20"]
[EventType "swiss"]
[EventRounds "10"]
[EventCountry "BRA"]
[SourceTitle "playchess.com"]
[Source "ChessBase"]
[SourceQuality "1"]
[TimeControl "5400+30"]

1. e4 c6 2. d4 d5 3. e5 Bf5 4. Nc3 e6 5. g4 Bg6 6. Nge2 Nd7 7. Nf4 Ne7 8. h4 h6 9. Nxg6 Nxg6 10. h5 Ne7 11. Bd3 c5 12. Nb5 Nc6 13. c3 cxd4 14. f4 dxc3 15. Nxc3 Be7 16. Bd2 Bh4+ 17. Kf1 a6 18. Qf3 Nc5 19. Bb1 Be7 20. Kg2 Qb6 21. b3 O-O-O 22. Rc1 Kb8 23. Qf2 Nd7 24. Qg3 Rc8 25. Na4 Qd8 26. a3 b5 27. Nc3 Nd4 28. Nd1 Rxc1 29. Bxc1 Ne2 30. Qe3 Nxc1 31. Qxc1 Qc8 32. Qd2 Qc6 33. Bd3 Rc8 34. b4 Nb6 35. Qf2 Bd8 36. Kg3 Nc4 37. a4 Qb6 38. axb5 Qxf2+ 39. Kxf2 axb5 40. Ke2 Bb6 41. Rc1 Kb7 42. Nc3 Kc6 43. Bxc4 bxc4 44. Ra1 Bd4 45. Kd2 Kb7 46. Ra2 Bxc3+ 47. Kxc3 f6 48. exf6 gxf6 49. Re2 Re8 50. Kd4 Kc6 51. Ra2 e5+ 52. fxe5 fxe5+ 53. Kc3 e4 54. Kd4 e3 55. b5+ Kxb5 56. Re2 0-1

[Event "VI Floripa Open 2020"]
[Site "Florianopolis"]
[Date "2020.01.20"]
[Round "1.44"]
[White "Zanghelini, Cristian Silnei"]
[Black "Carvalho, Guillermo"]
[Result "0-1"]
[WhiteElo "1890"]
[BlackElo "2198"]
[Annotator "ChessBase"]
[PlyCount "106"]
[EventDate "2020.01.20"]
[EventType "swiss"]
[EventRounds "10"]
[EventCountry "BRA"]
[SourceTitle "playchess.com"]
[Source "ChessBase"]
[SourceQuality "1"]
[TimeControl "5400+30"]

1. e4 e5 2. Nf3 Nc6 3. Bb5 a6 4. Bxc6 dxc6 5. d3 Bd6 6. Nbd2 Ne7 7. Qe2 Ng6 8. g3 Bh3 9. Nf1 f6 10. Ne3 Qd7 11. Bd2 O-O-O 12. O-O-O Qe7 13. Kb1 Bc5 14. Bc3 Rhe8 15. Rhe1 Kb8 16. Nd2 Be6 17. b3 Qd7 18. f3 Bg8 19. h4 Nf8 20. f4 exf4 21. gxf4 Ne6 22. Qg4 Nd4 23. Qxd7 Rxd7 24. Nec4 Bf7 25. e5 f5 26. Rf1 Ne6 27. Rde1 Bh5 28. Ne3 g6 29. Ndc4 Be7 30. Ng2 c5 31. Bd2 b6 32. Kb2 Kb7 33. a4 Bf8 34. Nce3 Bh6 35. Nd1 Nd4 36. Re3 Bf8 37. c3 Ne6 38. Kc2 Bh6 39. Ree1 Red8 40. Nb2 Bg4 41. Re3 Kc6 42. Ree1 Bh3 43. Re2 Rf7 44. Ref2 Kd7 45. Rh1 Bxg2 46. Rxg2 Bxf4 47. h5 Bxd2 48. hxg6 hxg6 49. Kxd2 g5 50. Ke3 Ke7 51. Rh6 g4 52. Nc4 f4+ 53. Ke4 g3 0-1

[Event "VI Floripa Open 2020"]
[Site "Florianopolis"]
[Date "2020.01.20"]
[Round "1.45"]
[White "Curi, Gabriel"]
[Black "Borges, Leonardo Hisao Herai"]
[Result "1-0"]
[WhiteElo "2180"]
[BlackElo "1890"]
[Annotator "ChessBase"]
[PlyCount "67"]
[EventDate "2020.01.20"]
[EventType "swiss"]
[EventRounds "10"]
[EventCountry "BRA"]
[SourceTitle "playchess.com"]
[Source "ChessBase"]
[SourceQuality "1"]
[TimeControl "5400+30"]

1. d4 Nf6 2. c4 g6 3. Nc3 d5 4. cxd5 Nxd5 5. e4 Nxc3 6. bxc3 Bg7 7. Bc4 O-O 8. Ne2 c5 9. Be3 Nc6 10. h4 Qc7 11. Rc1 Rd8 12. h5 Ne5 13. Bb3 c4 14. Bc2 Ng4 15. hxg6 hxg6 16. Bf4 Qa5 17. Qd2 e5 18. Bg5 f6 19. Be3 Nxe3 20. Qxe3 exd4 21. Nxd4 Qxa2 22. O-O Qa5 23. f4 Qc5 24. Rb1 a6 25. Qg3 g5 26. e5 gxf4 27. Qxf4 Qxe5 28. Qh4 Qe3+ 29. Rf2 Qg5 30. Qh7+ Kf7 31. Rb6 Re8 32. Rbxf6+ Ke7 33. Rf7+ Kd8 34. Qxg7 1-0

[Event "VI Floripa Open 2020"]
[Site "Florianopolis"]
[Date "2020.01.20"]
[Round "1.46"]
[White "Morgado, Leandro Batista"]
[Black "Lemos, Dawton Almino"]
[Result "0-1"]
[WhiteElo "1888"]
[BlackElo "2179"]
[Annotator "ChessBase"]
[PlyCount "66"]
[EventDate "2020.01.20"]
[EventType "swiss"]
[EventRounds "10"]
[EventCountry "BRA"]
[SourceTitle "playchess.com"]
[Source "ChessBase"]
[SourceQuality "1"]
[TimeControl "5400+30"]

1. d4 Nf6 2. Nf3 d5 3. e3 c5 4. Ne5 Nc6 5. f4 Bf5 6. c3 e6 7. Be2 Bd6 8. Nd2 Ne4 9. O-O O-O 10. g4 Nxd2 11. Bxd2 Be4 12. Be1 f6 13. Nxc6 bxc6 14. Bg3 Rb8 15. b3 Qa5 16. Be1 e5 17. Bf3 Bxf3 18. Qxf3 Qb6 19. Bf2 cxd4 20. cxd4 exf4 21. exf4 Rfe8 22. Rfe1 Bb4 23. Re2 Qa6 24. Rxe8+ Rxe8 25. Rc1 Re4 26. a4 Bd2 27. Rc2 Rxf4 28. Qd1 Bb4 29. h3 Re4 30. Qf3 Qc8 31. Qd3 f5 32. gxf5 Qxf5 33. Rxc6 Rg4+ 0-1

[Event "VI Floripa Open 2020"]
[Site "Florianopolis"]
[Date "2020.01.20"]
[Round "1.47"]
[White "Zampronha, Wladimir Camilo"]
[Black "Barbosa, Flavio Novais"]
[Result "1-0"]
[WhiteElo "2179"]
[BlackElo "1885"]
[Annotator "ChessBase"]
[PlyCount "81"]
[EventDate "2020.01.20"]
[EventType "swiss"]
[EventRounds "10"]
[EventCountry "BRA"]
[SourceTitle "playchess.com"]
[Source "ChessBase"]
[SourceQuality "1"]
[TimeControl "5400+30"]

1. e4 e6 2. d4 d5 3. Nc3 Nf6 4. e5 Nfd7 5. f4 c5 6. Nf3 Nc6 7. Be3 cxd4 8. Nxd4 Bc5 9. Qd2 a6 10. O-O-O Qc7 11. h4 Nxd4 12. Bxd4 b5 13. Rh3 Bxd4 14. Qxd4 Qc5 15. Qd2 O-O 16. Rg3 f6 17. exf6 Rxf6 18. Re3 Nb6 19. Re5 Qf8 20. g3 b4 21. Nb1 Bd7 22. Qd4 Na4 23. Nd2 Nc5 24. Rde1 Rc8 25. Bh3 Qf7 26. h5 a5 27. Kb1 Ba4 28. b3 Bd7 29. R1e3 Bb5 30. f5 Qxh5 31. g4 Qf7 32. g5 Qh5 33. Bg4 Qxg5 34. fxe6 Rf4 35. Qxc5 Qxg4 36. Qxc8+ Rf8 37. Qc5 Qd1+ 38. Kb2 Qxd2 39. e7 Re8 40. Qxd5+ Qxd5 41. Rxd5 1-0

[Event "VI Floripa Open 2020"]
[Site "Florianopolis"]
[Date "2020.01.20"]
[Round "1.49"]
[White "De Oliveira, Gustavo Alfredo Bue"]
[Black "Moro, Antonio Renato Perei"]
[Result "1-0"]
[WhiteElo "2176"]
[BlackElo "1880"]
[Annotator "ChessBase"]
[PlyCount "113"]
[EventDate "2020.01.20"]
[EventType "swiss"]
[EventRounds "10"]
[EventCountry "BRA"]
[SourceTitle "playchess.com"]
[Source "ChessBase"]
[SourceQuality "1"]
[TimeControl "5400+30"]

1. d4 Nc6 2. Nf3 d5 3. Bf4 Bf5 4. e3 a6 5. c4 e6 6. Nc3 Bb4 7. Be2 Nf6 8. O-O O-O 9. Nh4 Be4 10. f3 Bg6 11. Nxg6 hxg6 12. Qb3 Nh5 13. Be5 Bxc3 14. Qxc3 f6 15. Bg3 Nxg3 16. hxg3 Qd6 17. Kf2 Ne7 18. Rh1 c6 19. Rac1 Kf7 20. Bd3 Rh8 21. Qb3 Rxh1 22. Rxh1 b5 23. cxd5 cxd5 24. Rc1 Rc8 25. Rxc8 Nxc8 26. Bxg6+ Ke7 27. Qc2 Nb6 28. Bd3 Kd7 29. Be2 Nc4 30. b3 Na3 31. Qh7 Qf8 32. f4 Kd6 33. Bf3 b4 34. Be2 a5 35. Bf3 Nb5 36. Qd3 Qe8 37. Be2 Nc3 38. Qa6+ Qc6 39. Qxa5 Ne4+ 40. Kf3 Nd2+ 41. Kg4 f5+ 42. Kh4 Qc3 43. Qd8+ Kc6 44. Qe8+ Kc7 45. Qe7+ Kb8 46. Qd6+ Kb7 47. Qa6+ Kc7 48. Qxe6 Ne4 49. Qe7+ Kb6 50. Qd8+ Ka7 51. Qa5+ Kb7 52. Qxd5+ Kc7 53. Qxf5 Qxe3 54. Bf3 g5+ 55. fxg5 Nd6 56. Qe5 Qc1 57. Qc5+ 1-0

[Event "VI Floripa Open 2020"]
[Site "Florianopolis"]
[Date "2020.01.20"]
[Round "1.50"]
[White "Madeu, Fernando Antonio de "]
[Black "Sztokbant, Bernardo Vainzoff"]
[Result "0-1"]
[WhiteElo "1879"]
[BlackElo "2175"]
[Annotator "ChessBase"]
[PlyCount "102"]
[EventDate "2020.01.20"]
[EventType "swiss"]
[EventRounds "10"]
[EventCountry "BRA"]
[SourceTitle "playchess.com"]
[Source "ChessBase"]
[SourceQuality "1"]
[TimeControl "5400+30"]

1. e4 c5 2. Nf3 e6 3. d4 cxd4 4. Nxd4 Nc6 5. c4 Nf6 6. Nc3 Bb4 7. Nxc6 bxc6 8. Bd3 e5 9. O-O O-O 10. Be3 d6 11. Rc1 Rb8 12. b3 Ng4 13. Bd2 Qh4 14. h3 Nh6 15. Qf3 f5 16. Qg3 Qf6 17. f4 exf4 18. Qxf4 Qd4+ 19. Qe3 Qe5 20. Kh1 Be6 21. exf5 Qxe3 22. Bxe3 Bxf5 23. Ne4 Bxe4 24. Bxe4 Rbe8 25. Rxf8+ Kxf8 26. Bxh6 Rxe4 27. Rf1+ Kg8 28. Bf4 Re2 29. Rd1 Rxa2 30. Bxd6 Bc3 31. Rf1 Bf6 32. Rf3 a5 33. Bc5 Ra1+ 34. Kh2 Be5+ 35. g3 h5 36. Kg2 Rb1 37. Re3 Bf6 38. Kf3 Kf7 39. Ke4 Ke6 40. Bd4 Bg5 41. Rd3 Bh6 42. Be3 Re1 43. Kf3 Bxe3 44. Rxe3+ Rxe3+ 45. Kxe3 Ke5 46. Kd3 g6 47. h4 c5 48. Ke3 Kf5 49. Kf3 g5 50. hxg5 Kxg5 51. Kf2 Kf6 0-1

[Event "VI Floripa Open 2020"]
[Site "Florianopolis"]
[Date "2020.01.20"]
[Round "1.52"]
[White "Soares, Renan Barbosa Montei"]
[Black "Burgos, Marcelo Alves"]
[Result "0-1"]
[WhiteElo "1876"]
[BlackElo "2171"]
[Annotator "ChessBase"]
[PlyCount "86"]
[EventDate "2020.01.20"]
[EventType "swiss"]
[EventRounds "10"]
[EventCountry "BRA"]
[SourceTitle "playchess.com"]
[Source "ChessBase"]
[SourceQuality "1"]
[TimeControl "5400+30"]

1. d4 Nf6 2. c4 g6 3. Nc3 Bg7 4. e4 d6 5. Nf3 O-O 6. Be2 e5 7. O-O Nc6 8. d5 Ne7 9. Nd2 a5 10. Rb1 Bd7 11. b3 c6 12. Ba3 c5 13. Nb5 Ne8 14. g4 f5 15. gxf5 gxf5 16. Kh1 Ng6 17. Rg1 Nf4 18. Rg3 Rf6 19. Bf3 Rh6 20. exf5 Qh4 21. Qg1 Bxf5 22. Re1 Rg6 23. Bg2 Bh6 24. Nf3 Qf6 25. Nc3 Nd3 26. Re2 Bf4 27. Rxg6+ hxg6 28. Ne4 Qe7 29. Ne1 Nxe1 30. Rxe1 Nf6 31. f3 Bxe4 32. fxe4 Qh7 33. Bc1 Nh5 34. Bf3 Rf8 35. Bxh5 Qxh5 36. Rf1 g5 37. Bxf4 exf4 38. e5 dxe5 39. Qxc5 Qe2 40. Rf2 Qd1+ 41. Kg2 f3+ 42. Kh3 Qd3 43. Qe7 Qf5+ 0-1

[Event "VI Floripa Open 2020"]
[Site "Florianopolis"]
[Date "2020.01.20"]
[Round "1.53"]
[White "Da Silva, Paolo Ghiu M. Rego"]
[Black "Pedroso, Denian"]
[Result "1/2-1/2"]
[WhiteElo "2171"]
[BlackElo "1873"]
[Annotator "ChessBase"]
[PlyCount "88"]
[EventDate "2020.01.20"]
[EventType "swiss"]
[EventRounds "10"]
[EventCountry "BRA"]
[SourceTitle "playchess.com"]
[Source "ChessBase"]
[SourceQuality "1"]
[TimeControl "5400+30"]

1. d4 Nf6 2. c4 e6 3. Nf3 Bb4+ 4. Nbd2 O-O 5. a3 Bxd2+ 6. Bxd2 d6 7. b4 Nbd7 8. Bc3 b6 9. e3 Bb7 10. Be2 Qe7 11. O-O Be4 12. Ra2 c5 13. dxc5 dxc5 14. b5 Rfd8 15. Qa1 Ne8 16. a4 f6 17. a5 e5 18. Nd2 Bb7 19. a6 Bc8 20. Bf3 Rb8 21. Bd5+ Kh8 22. Rd1 Nf8 23. Nf1 Be6 24. e4 Bxd5 25. exd5 Nd6 26. Ne3 Ng6 27. Qb1 Qd7 28. Ba1 Nh4 29. Ra3 Nhf5 30. Nxf5 Qxf5 31. Qxf5 Nxf5 32. Kf1 Kg8 33. Rh3 h6 34. Ke2 Rd7 35. Kd3 Nd6 36. f3 Re8 37. Re1 Rde7 38. Rh4 f5 39. Bb2 e4+ 40. fxe4 Nxe4 41. Re2 Nd6 42. Rxe7 Rxe7 43. Bc3 Kf7 44. Bd2 Kf6 1/2-1/2

[Event "VI Floripa Open 2020"]
[Site "Florianopolis"]
[Date "2020.01.20"]
[Round "1.54"]
[White "Correa, Jose Augusto"]
[Black "Luz, Arthur Nader"]
[Result "0-1"]
[WhiteElo "1870"]
[BlackElo "2165"]
[Annotator "ChessBase"]
[PlyCount "66"]
[EventDate "2020.01.20"]
[EventType "swiss"]
[EventRounds "10"]
[EventCountry "BRA"]
[SourceTitle "playchess.com"]
[Source "ChessBase"]
[SourceQuality "1"]
[TimeControl "5400+30"]

1. c4 c5 2. Nc3 Nc6 3. g3 g6 4. Bg2 Bg7 5. Nf3 e5 6. d3 Nge7 7. Bg5 f6 8. Bd2 O-O 9. Qc1 a6 10. Bh6 Bxh6 11. Qxh6 Nf5 12. Qd2 Nfd4 13. Nxd4 cxd4 14. Nd5 b5 15. a4 bxc4 16. dxc4 a5 17. b4 axb4 18. Nxb4 Bb7 19. Nxc6 Bxc6 20. Bxc6 dxc6 21. a5 Rf7 22. O-O Rfa7 23. Qh6 Rxa5 24. Rab1 Qc7 25. h4 Ra2 26. Rb3 Qg7 27. Qxg7+ Kxg7 28. Rb7+ Kh6 29. Rc7 R8a6 30. Rb1 Rxe2 31. Rbb7 Kh5 32. Kg2 Kg4 33. Rb3 e4 0-1

[Event "VI Floripa Open 2020"]
[Site "Florianopolis"]
[Date "2020.01.20"]
[Round "1.55"]
[White "Piccoli, Lucas Fonseca"]
[Black "Kanzler, Karina Daniela Ferre"]
[Result "1/2-1/2"]
[WhiteElo "2159"]
[BlackElo "1867"]
[Annotator "ChessBase"]
[PlyCount "129"]
[EventDate "2020.01.20"]
[EventType "swiss"]
[EventRounds "10"]
[EventCountry "BRA"]
[SourceTitle "playchess.com"]
[Source "ChessBase"]
[SourceQuality "1"]
[TimeControl "5400+30"]

1. g3 f5 2. d4 Nf6 3. Bg2 d5 4. Nf3 Nc6 5. O-O e6 6. c4 Bd6 7. c5 Be7 8. a3 O-O 9. b4 a6 10. Bb2 b5 11. Nbd2 Ne4 12. Ne5 Nxe5 13. dxe5 Nxd2 14. Qxd2 Bb7 15. Rfc1 Bc6 16. Rd1 Qe8 17. Bd4 Qg6 18. Be3 Rad8 19. Qd4 Rf7 20. f3 Rdf8 21. Kf2 Qh5 22. f4 g5 23. Rh1 Rg7 24. Ke1 Qg6 25. Kd2 Ra8 26. Bf3 g4 27. Bg2 Kf7 28. Bf2 h5 29. Qd3 Qh6 30. h4 Rgg8 31. Bd4 Rgb8 32. Rhb1 Qf8 33. Qc3 Qe8 34. e3 Qc8 35. Bf1 Qb7 36. Bd3 Kg6 37. Bc2 Kf7 38. Ke1 Kg6 39. Kf2 Kf7 40. Ra2 Kg6 41. Raa1 Kf7 42. Qd2 Kg6 43. Bc3 Be8 44. Qd4 c6 45. a4 Bd7 46. axb5 axb5 47. Bxf5+ exf5 48. e6 Rg8 49. Rxa8 Qxa8 50. Ra1 Qd8 51. exd7 Qxd7 52. Ra8 Qe6 53. Ra6 Kf7 54. Ra7 Kg6 55. Rc7 Bd8 56. Ra7 Kh6 57. Rg7 Bf6 58. Qxf6+ Qxf6 59. Bxf6 Rxg7 60. Bxg7+ Kxg7 61. Ke2 Kf6 62. Kd2 Ke7 63. Kc3 Kf7 64. Kd4 Kf6 65. Kc3 1/2-1/2

[Event "VI Floripa Open 2020"]
[Site "Florianopolis"]
[Date "2020.01.20"]
[Round "1.56"]
[White "Cabral, Denrick"]
[Black "Almeida Junior, Alvaro Alves de"]
[Result "0-1"]
[WhiteElo "1866"]
[BlackElo "2151"]
[Annotator "ChessBase"]
[PlyCount "58"]
[EventDate "2020.01.20"]
[EventType "swiss"]
[EventRounds "10"]
[EventCountry "BRA"]
[SourceTitle "playchess.com"]
[Source "ChessBase"]
[SourceQuality "1"]
[TimeControl "5400+30"]

1. e4 Nf6 2. e5 Nd5 3. c4 Nb6 4. a4 a5 5. c5 Nd5 6. Nc3 e6 7. Nxd5 exd5 8. d4 d6 9. cxd6 cxd6 10. Nf3 Be7 11. Bd3 O-O 12. O-O Bg4 13. Bf4 Nc6 14. exd6 Bxd6 15. Bxh7+ Kxh7 16. Ng5+ Qxg5 17. Bxg5 Bxd1 18. Rfxd1 Rfe8 19. Kf1 Rac8 20. Rd3 Nb4 21. Rc3 Rc4 22. Rd1 Rec8 23. Rh3+ Kg8 24. Re1 Rxd4 25. g3 Re4 26. Rd1 Rc2 27. Bd2 Rd4 28. Ke1 Nd3+ 29. Ke2 Nxb2 0-1

[Event "VI Floripa Open 2020"]
[Site "Florianopolis"]
[Date "2020.01.20"]
[Round "1.57"]
[White "Carstens Dobuchak, Thiago"]
[Black "Silva, Janderson Rossi Da"]
[Result "1-0"]
[WhiteElo "2149"]
[BlackElo "1863"]
[Annotator "ChessBase"]
[PlyCount "71"]
[EventDate "2020.01.20"]
[EventType "swiss"]
[EventRounds "10"]
[EventCountry "BRA"]
[SourceTitle "playchess.com"]
[Source "ChessBase"]
[SourceQuality "1"]
[TimeControl "5400+30"]

1. e4 c5 2. Nf3 d6 3. d4 cxd4 4. Nxd4 Nf6 5. Nc3 a6 6. Nb3 e6 7. g4 Be7 8. Be3 b5 9. g5 Nfd7 10. Qd2 Bb7 11. f3 Ne5 12. Be2 Nbd7 13. h4 Rc8 14. Nd1 Nb6 15. Na5 Ba8 16. Nf2 Nbc4 17. Nxc4 Nxc4 18. Bxc4 Rxc4 19. O-O-O O-O 20. Kb1 Qb8 21. h5 Rd8 22. g6 d5 23. gxf7+ Kxf7 24. exd5 Rxd5 25. Nd3 Rf5 26. Rdf1 Bxf3 27. Rhg1 Bxh5 28. Rxf5+ exf5 29. Bf4 Bd6 30. Ne5+ Bxe5 31. Qd5+ Kf8 32. Bxe5 Qb6 33. Bd6+ Ke8 34. Qe6+ Kd8 35. Be7+ Kc7 36. Bd8+ 1-0

[Event "VI Floripa Open 2020"]
[Site "Florianopolis"]
[Date "2020.01.20"]
[Round "1.58"]
[White "Filho, Marcelo Adriano Nune"]
[Black "De Oliveira, Victor Gabriel C."]
[Result "0-1"]
[WhiteElo "1862"]
[BlackElo "2146"]
[Annotator "ChessBase"]
[PlyCount "88"]
[EventDate "2020.01.20"]
[EventType "swiss"]
[EventRounds "10"]
[EventCountry "BRA"]
[SourceTitle "playchess.com"]
[Source "ChessBase"]
[SourceQuality "1"]
[TimeControl "5400+30"]

1. e4 c5 2. Nc3 Nc6 3. Bb5 Nd4 4. Bc4 g6 5. Nge2 Bg7 6. O-O e6 7. f4 Ne7 8. e5 d6 9. exd6 Qxd6 10. Nb5 Qd8 11. c3 Ndc6 12. a4 O-O 13. Ng3 a6 14. Na3 b6 15. Qe2 Bb7 16. Nc2 Qc7 17. Rb1 Na5 18. Ne3 Nxc4 19. Nxc4 b5 20. axb5 axb5 21. Ne5 Nc6 22. Ng4 Kh8 23. Qf2 f5 24. Ne3 e5 25. b4 c4 26. Nd5 Qf7 27. Qc5 Rad8 28. Nb6 exf4 29. Ne2 g5 30. Qxb5 Rfe8 31. Nxf4 gxf4 32. Nxc4 Na7 33. Qc5 Qg6 34. Qf2 f3 35. Qg3 fxg2 36. Rd1 Qh5 37. Bb2 f4 38. Qxf4 Rf8 39. Qg3 Rc8 40. Ne3 Be5 41. c4 Bxb2 42. d4 Rf3 43. Qe1 Re8 44. Rxb2 Rfxe3 0-1

[Event "VI Floripa Open 2020"]
[Site "Florianopolis"]
[Date "2020.01.20"]
[Round "1.59"]
[White "Bueno, Alfeu Junior Varela"]
[Black "Do Amaral, Gabriel Barbosa"]
[Result "1-0"]
[WhiteElo "2139"]
[BlackElo "1861"]
[Annotator "ChessBase"]
[PlyCount "73"]
[EventDate "2020.01.20"]
[EventType "swiss"]
[EventRounds "10"]
[EventCountry "BRA"]
[SourceTitle "playchess.com"]
[Source "ChessBase"]
[SourceQuality "1"]
[TimeControl "5400+30"]

1. e4 c6 2. d4 d5 3. f3 e6 4. Nc3 Nf6 5. Bf4 Bb4 6. Qd3 b6 7. Nge2 Ba6 8. Qe3 dxe4 9. fxe4 Nbd7 10. O-O-O O-O 11. Bg5 Qc7 12. g4 e5 13. Bxf6 Nxf6 14. g5 exd4 15. Nxd4 Ng4 16. Qf3 Bxf1 17. Rdxf1 Ne5 18. Qg3 Rad8 19. Rd1 Bxc3 20. Qxc3 Qe7 21. h4 c5 22. Nf5 Qc7 23. Rd5 f6 24. gxf6 Rxd5 25. Ne7+ Kf7 26. Nxd5 Qd6 27. fxg7 Qh6+ 28. Kb1 Qxg7 29. Ne3 Nf3 30. Qc4+ Ke7 31. Rd1 Qe5 32. a4 Nd4 33. Nd5+ Ke8 34. Ka2 Rf2 35. c3 Nc6 36. Qb5 Kd8 37. Qxc6 1-0

[Event "VI Floripa Open 2020"]
[Site "Florianopolis"]
[Date "2020.01.20"]
[Round "1.60"]
[White "Aoyama, Edmundo"]
[Black "Ribeiro, Matheus Mendes Domin"]
[Result "0-1"]
[WhiteElo "1857"]
[BlackElo "2139"]
[Annotator "ChessBase"]
[PlyCount "130"]
[EventDate "2020.01.20"]
[EventType "swiss"]
[EventRounds "10"]
[EventCountry "BRA"]
[SourceTitle "playchess.com"]
[Source "ChessBase"]
[SourceQuality "1"]
[TimeControl "5400+30"]

1. d4 d5 2. Bg5 c6 3. c3 Qb6 4. Qb3 Nf6 5. Bxf6 exf6 6. Nd2 Bf5 7. Ngf3 Nd7 8. e3 Bd6 9. c4 dxc4 10. Bxc4 Qxb3 11. Bxb3 O-O 12. O-O Nb6 13. Rac1 Rac8 14. Rfd1 Rfd8 15. Nc4 Nxc4 16. Bxc4 c5 17. h3 Kf8 18. a3 Ke7 19. Kf1 g5 20. Ke2 Be6 21. dxc5 Rxc5 22. Bd3 h6 23. Nd4 Rdc8 24. Rxc5 Rxc5 25. Rd2 Be5 26. Nf5+ Bxf5 27. Bxf5 Rb5 28. b4 Bd6 29. Bd3 Re5 30. g4 a5 31. Rc2 Kd8 32. Bf5 axb4 33. axb4 Rb5 34. Rc8+ Ke7 35. Rh8 Rxb4 36. Rxh6 Rb2+ 37. Kf1 b5 38. h4 gxh4 39. Rxh4 b4 40. Rh1 b3 41. Kg2 Ra2 42. Rd1 b2 43. Bb1 Ra4 44. f3 Rc4 45. Kf2 Rc1 46. Ke2 Bc5 47. Bf5 Bxe3 48. Rd7+ Ke8 49. Rd1 Bf4 50. Bb1 Rc8 51. Rf1 Bc1 52. Kd1 Ke7 53. Be4 Kd6 54. Rh1 Kc5 55. Re1 Kd4 56. Bb1 Be3 57. Ke2 Rc1 58. Rd1+ Ke5 59. Be4 Kf4 60. Rf1 Rc4 61. Bb1 Rd4 62. Bd3 Bc1 63. Bf5 Rd2+ 64. Ke1 Ke3 65. Be4 Rd3 0-1

[Event "VI Floripa Open 2020"]
[Site "Florianopolis"]
[Date "2020.01.20"]
[Round "1.61"]
[White "Moura, Eduardo Eugenio Chav"]
[Black "Bracht, Rainer"]
[Result "1/2-1/2"]
[WhiteElo "2138"]
[BlackElo "1856"]
[Annotator "ChessBase"]
[PlyCount "75"]
[EventDate "2020.01.20"]
[EventType "swiss"]
[EventRounds "10"]
[EventCountry "BRA"]
[SourceTitle "playchess.com"]
[Source "ChessBase"]
[SourceQuality "1"]
[TimeControl "5400+30"]

1. e4 c5 2. d4 cxd4 3. c3 dxc3 4. Nxc3 d6 5. Bc4 e6 6. Nf3 Nf6 7. O-O Be7 8. Qe2 a6 9. Rd1 Qc7 10. Bf4 e5 11. Be3 O-O 12. Rac1 Nbd7 13. Nb5 Qb8 14. Nc7 b5 15. Bd3 Bb7 16. Nxa8 Qxa8 17. Bg5 h6 18. Bxf6 Nxf6 19. Re1 Re8 20. a3 Bd8 21. Bb1 Bb6 22. Rcd1 Rd8 23. b4 g6 24. h3 Kg7 25. Nd2 Nh5 26. Nb3 Nf4 27. Qb2 Ne6 28. Rxd6 Bd4 29. Rxd8 Bxb2 30. Rxa8 Bxa8 31. Re2 Bxa3 32. Ra2 Bxb4 33. Rxa6 Nc7 34. Ra7 Bd6 35. Na5 Kf6 36. Bd3 Ke7 37. Kf1 Kd8 38. Rxa8+ 1/2-1/2